Mainstreaming Gender in Social Protection for the Informal Economy (Record no. 3498)
[ view plain ]
| 000 -LEADER | |
|---|---|
| fixed length control field | 01243cam a2200373 a 4500 |
| 001 - CONTROL NUMBER | |
| control field | 15291474 |
| 003 - CONTROL NUMBER IDENTIFIER | |
| control field | OSt |
| 005 - DATE AND TIME OF LATEST TRANSACTION | |
| control field | 20191107174917.0 |
| 008 - FIXED-LENGTH DATA ELEMENTS--GENERAL INFORMATION | |
| fixed length control field | 080507s2008 enk 001 0 eng |
| 010 ## - LIBRARY OF CONGRESS CONTROL NUMBER | |
| LC control number | 2008399463 |
| 015 ## - NATIONAL BIBLIOGRAPHY NUMBER | |
| National bibliography number | GBA819169 |
| Source | bnb |
| 016 7# - NATIONAL BIBLIOGRAPHIC AGENCY CONTROL NUMBER | |
| Record control number | 014514850 |
| Source | Uk |
| 020 ## - INTERNATIONAL STANDARD BOOK NUMBER | |
| International Standard Book Number | 9780850928402 (pbk.) |
| 020 ## - INTERNATIONAL STANDARD BOOK NUMBER | |
| International Standard Book Number | 0850928400 (pbk.) |
| 035 ## - SYSTEM CONTROL NUMBER | |
| System control number | (OCoLC)ocn195639214 |
| 040 ## - CATALOGING SOURCE | |
| Original cataloging agency | UKM |
| Transcribing agency | UKM |
| Modifying agency | BTCTA |
| -- | NLGGC |
| -- | BAKER |
| -- | YDXCP |
| -- | SUC |
| -- | IXA |
| -- | DLC |
| 042 ## - AUTHENTICATION CODE | |
| Authentication code | ukscp |
| -- | lccopycat |
| 043 ## - GEOGRAPHIC AREA CODE | |
| Geographic area code | b------ |
| 050 00 - LIBRARY OF CONGRESS CALL NUMBER | |
| Classification number | HQ1240.5.C72 |
| Item number | K33 2008 |
| 082 ## - DEWEY DECIMAL CLASSIFICATION NUMBER | |
| Classification number | 305.3 KAB 2008 |
| 084 ## - OTHER CLASSIFICATION NUMBER | |
| Classification number | 83.07 |
| Number source | bcl |
| 100 1# - MAIN ENTRY--PERSONAL NAME | |
| Personal name | Kabeer, Naila. |
| 9 (RLIN) | 6931 |
| 245 10 - TITLE STATEMENT | |
| Title | Mainstreaming Gender in Social Protection for the Informal Economy |
| 260 ## - PUBLICATION, DISTRIBUTION, ETC. (IMPRINT) | |
| Place of publication, distribution, etc. | London; |
| Name of publisher, distributor, etc. | Commonwealth Secretariat, |
| Date of publication, distribution, etc. | 2008. |
| 300 ## - PHYSICAL DESCRIPTION | |
| Extent | xviii, 411 p. ; |
| Dimensions | 26 cm. |
| 440 #0 - SERIES STATEMENT/ADDED ENTRY--TITLE | |
| Title | New gender mainstreaming series on development issues |
| 9 (RLIN) | 7522 |
| 500 ## - GENERAL NOTE | |
| General note | Includes index. |
| 650 ## - SUBJECT ADDED ENTRY--TOPICAL TERM | |
| Topical term or geographic name as entry element | Gender studies |
| 9 (RLIN) | 13030 |
| 650 ## - SUBJECT ADDED ENTRY--TOPICAL TERM | |
| Topical term or geographic name as entry element | Informal sector |
| 9 (RLIN) | 13031 |
| 856 41 - ELECTRONIC LOCATION AND ACCESS | |
| Materials specified | Table of contents |
| Uniform Resource Identifier | http://www.loc.gov/catdir/toc/fy0804/2008399463.html |
| 906 ## - LOCAL DATA ELEMENT F, LDF (RLIN) | |
| a | 7 |
| b | cbc |
| c | copycat |
| d | 2 |
| e | ncip |
| f | 20 |
| g | y-gencatlg |
| 942 ## - ADDED ENTRY ELEMENTS (KOHA) | |
| Source of classification or shelving scheme | Dewey Decimal Classification |
| Koha item type | Short Loan |
| Withdrawn status | Lost status | Source of classification or shelving scheme | Damaged status | Not for loan | Home library | Current library | Date acquired | Inventory number | Total Checkouts | Full call number | Barcode | Date last seen | Koha item type |
|---|---|---|---|---|---|---|---|---|---|---|---|---|---|
| Dewey Decimal Classification | MUST Main Library | MUST Main Library | 13/04/2016 | 09/31769 | 305.3 KAB 2008 | 2016-0784 | 13/04/2016 | Short Loan |
